[Event "Bosna 2000"]
[Site "Sarajewo"]
[Date "2000.05.18"]
[Round "2"]
[White "Sokolov, I."]
[Black "Short, N."]
[Result "1/2-1/2"]
[WhiteElo "2637"]
[BlackElo "2683"]
[PlyCount "38"]

1. d4 e6 2. c4 Nf6 3. Nc3 d5 4. cxd5 exd5 5. Bg5 c6 6. e3 Bf5 7. Qf3 Bg6 8.
Bxf6 Qxf6 9. Qxf6 gxf6 10. h4 Nd7 11. Nge2 Bd6 12. h5 Bf5 13. Nc1 Rg8 14. g3 a5
15. Bd3 Bxd3 16. Nxd3 f5 17. Ke2 Ke7 18. Rac1 h6 19. Nb1 a4 1/2-1/2

[Event "Bosna 2000"]
[Site "Sarajewo"]
[Date "2000.05.24"]
[Round "7"]
[White "Kasparov, G."]
[Black "Morozevich, A."]
[Result "1/2-1/2"]
[WhiteElo "2851"]
[BlackElo "2748"]
[PlyCount "46"]

1. d4 e6 2. Nf3 Nf6 3. c4 d5 4. Nc3 dxc4 5. e4 Bb4 6. Bg5 c5 7. Bxc4 cxd4 8.
Nxd4 Qa5 9. Bd2 O-O 10. Nc2 Bxc3 11. Bxc3 Qg5 12. Qe2 Qxg2 13. O-O-O Qxe4 14.
Rhg1 g6 15. Ne3 e5 16. f4 Be6 17. Bd3 Qxf4 18. Rgf1 Qh4 19. Be1 Qa4 20. Rxf6
Nc6 21. Rxe6 Nd4 22. Qg4 Qxa2 23. Bxg6 hxg6 1/2-1/2